Estadística no paramétrica (Registro nro. 1325)
[ vista simple ]
| 000 -LEADER | |
|---|---|
| fixed length control field | 01183 a2200253 4500 |
| 001 - CONTROL NUMBER | |
| control field | 25217 |
| 005 - DATE AND TIME OF LATEST TRANSACTION | |
| control field | 20260407155536.0 |
| 008 - FIXED-LENGTH DATA ELEMENTS--GENERAL INFORMATION | |
| fixed length control field | 260407a1972 arg spa d |
| 003 - CONTROL NUMBER IDENTIFIER | |
| control field | AR-UNSa-BCEJYS |
| 040 ## - CATALOGING SOURCE | |
| Original cataloging agency | AR-UNSa-BCEJYS |
| Language of cataloging | spa |
| Transcribing agency | AR-UNSa-BCEJYS |
| 080 ## - UNIVERSAL DECIMAL CLASSIFICATION NUMBER | |
| Universal Decimal Classification number | 519.23 |
| Common auxiliary subdivision | Análisis estadístico. Métodos de inferencia (Métodos no paramétricos...) |
| 020 ## - INTERNATIONAL STANDARD BOOK NUMBER | |
| International Standard Book Number | 968-24-0146-1 |
| 100 1# - MAIN ENTRY--PERSONAL NAME | |
| Personal name | Siegel, Sidney |
| 245 10 - TITLE STATEMENT | |
| Title | Estadística no paramétrica |
| Name of part/section of a work | aplicada a las ciencias de la conducta |
| 250 ## - EDITION STATEMENT | |
| Edition statement | 2a. ed., 8a. reimp. |
| 264 #1 - PRODUCTION, PUBLICATION, DISTRIBUTION, MANUFACTURE, AND COPYRIGHT NOTICE | |
| Place of production, publication, distribution, manufacture | México : |
| Name of producer, publisher, distributor, manufacturer | Trillas |
| Date of production, publication, distribution, manufacture, or copyright notice | 1972 |
| 300 ## - PHYSICAL DESCRIPTION | |
| Extent | 344 p. |
| Dimensions | 23 cm. |
| 505 ## - FORMATTED CONTENTS NOTE | |
| Formatted contents note | 1. Introducción - 2. El uso de las pruebas estadística en la investigación - 3. Elección de la prueba estadística adecuada - 4. El caso de una muestra - 5. El caso de dos muestras relacionadas - 6. El caso de dos muestras independientes - 7. El caso de K muestras relacionadas - 8. El caso de K muestra independientes - 9. Las medidas de correlación y sus pruebas de significación. |
| 590 ## - LOCAL NOTE (RLIN) | |
| Local note | niveau_biblio:m niveau_hierar:0 |
| 700 1# - ADDED ENTRY--PERSONAL NAME | |
| Personal name | Aguilar Villalobos, Javier |
| 700 1# - ADDED ENTRY--PERSONAL NAME | |
| Personal name | Ruseil, Lisha Jacobo |
| 700 1# - ADDED ENTRY--PERSONAL NAME | |
| Personal name | Vinos Cruz-López, Ricardo |
| 942 ## - ADDED ENTRY ELEMENTS (KOHA) | |
| Koha item type | |
| Withdrawn status | Lost status | Damaged status | Not for loan | Home library | Current library | Shelving location | Date acquired | Total checkouts | Full call number | Barcode | Date last seen | Price effective from | Koha item type |
|---|---|---|---|---|---|---|---|---|---|---|---|---|---|
| Biblioteca Prof. Eusebio Cleto del Rey | Biblioteca Prof. Eusebio Cleto del Rey | 07/04/2026 | 519.2 S571e 2ed. | L53257 | 07/04/2026 | 07/04/2026 | Libro |